|
|
|
|
| LEADER |
00000cam a2200000 7i4500 |
| 001 |
0000005084 |
| 005 |
20151222.0 |
| 008 |
070801 |
| 020 |
|
|
|a 9833645003
|
| 020 |
|
|
|a 983364502X(siri)
|
| 090 |
0 |
0 |
|a JF
|b MOR JAW (5443)
|
| 245 |
1 |
0 |
|a Arnab dan Kura-kura
|
| 260 |
|
|
|a Kuala Lumpur :
|b Early learner publication sdn bhd ,
|c 2005
|
| 440 |
|
|
|a Siri pintar teladan
|
| 500 |
|
|
|a Children ages 7-9 years old (orange)
|
| 650 |
|
0 |
|a Children's stories,Malay
|
| 650 |
|
0 |
|a Malay fiction
|
| 999 |
|
|
|a 0000978789
|b Book
|c Children Collection
|e Perbadanan Perpustakaan Awam Johor
|
| 999 |
|
|
|a 0000978790
|b Book
|c Children Collection
|e Cawangan Taman Sri Lambak
|
| 999 |
|
|
|a 0000978791
|b Book
|c Children Collection
|e Perbadanan Perpustakaan Awam Johor
|
| 999 |
|
|
|a 0000978792
|b Book
|c Children Collection
|e Cawangan Urban Transformation Centre
|
| 999 |
|
|
|a 0001146181
|b Book
|c Children Collection
|e Cawangan Taman Universiti
|